All USA Cities with 100,000 or more in Population - Statistics

General Stats
  • This quiz has been taken 708 times
  • The average score is 109 of 311
Answer Stats
Population State City % Correct
3,999,759 CALIFORNIA Los Angeles
95%
2,716,450 ILLINOIS Chicago
93%
1,341,075 TEXAS Dallas
93%
2,312,717 TEXAS Houston
93%
8,622,698 NEW YORK New York City
93%
704,621 COLORADO Denver
91%
1,626,078 ARIZONA Phoenix
91%
685,094 MASSACHUSETTS Boston
90%
884,363 CALIFORNIA San Francisco
90%
463,347 FLORIDA Miami
89%
1,580,863 PENNSYLVANIA Philadelphia
89%
1,419,516 CALIFORNIA San Diego
89%
950,715 TEXAS Austin
88%
166,965 MISSISSIPPI Jackson
88%
724,745 WASHINGTON Seattle
88%
693,972 DISTRICT OF COLUMBIA Washington
88%
673,104 MICHIGAN Detroit
86%
863,002 INDIANA Indianapolis
86%
647,805 OREGON Portland
86%
641,676 NEVADA Las Vegas
85%
1,511,946 TEXAS San Antonio
85%
892,062 FLORIDA Jacksonville
84%
667,560 TENNESSEE Nashville
83%
879,170 OHIO Columbus
82%
194,058 GEORGIA Columbus
82%
643,648 OKLAHOMA Oklahoma City
82%
486,490 GEORGIA Atlanta
81%
488,943 MISSOURI Kansas City
81%
152,938 KANSAS Kansas City
81%
1,035,317 CALIFORNIA San Jose
80%
683,577 TEXAS El Paso
79%
652,236 TENNESSEE Memphis
79%
280,257 FLORIDA Orlando
79%
501,901 CALIFORNIA Sacramento
79%
611,648 MARYLAND Baltimore
78%
859,035 NORTH CAROLINA Charlotte
78%
393,292 LOUISIANA New Orleans
78%
385,430 FLORIDA Tampa
78%
422,331 MINNESOTA Minneapolis
77%
385,525 OHIO Cleveland
76%
621,349 KENTUCKY Louisville
74%
595,351 WISCONSIN Milwaukee
74%
874,168 TEXAS Fort Worth
72%
308,626 MISSOURI St. Louis
72%
466,893 NEBRASKA Omaha
70%
464,758 NORTH CAROLINA Raleigh
70%
558,545 NEW MEXICO Albuquerque
69%
464,474 COLORADO Colorado Springs
69%
302,407 PENNSYLVANIA Pittsburgh
69%
535,677 ARIZONA Tucson
69%
301,301 OHIO Cincinnati
68%
401,800 OKLAHOMA Tulsa
67%
350,395 HAWAII Honolulu
66%
306,621 MINNESOTA Saint Paul
66%
200,544 UTAH Salt Lake City
66%
227,032 VIRGINIA Richmond
65%
110,040 CALIFORNIA Richmond
65%
425,195 CALIFORNIA Oakland
64%
527,438 CALIFORNIA Fresno
63%
248,853 NEVADA Reno
63%
258,612 NEW YORK Buffalo
62%
450,435 VIRGINIA Virginia Beach
61%
294,356 ALASKA Anchorage
60%
225,374 LOUISIANA Baton Rouge
59%
210,710 ALABAMA Birmingham
59%
284,736 NEBRASKA Lincoln
59%
226,570 IDAHO Boise
58%
167,376 MISSOURI Springfield
58%
154,758 MASSACHUSETTS Springfield
58%
114,868 ILLINOIS Springfield
58%
390,591 KANSAS Wichita
58%
469,450 CALIFORNIA Long Beach
56%
255,214 WISCONSIN Madison
56%
244,605 NORTH CAROLINA Winston-Salem
56%
217,521 IOWA Des Moines
55%
285,154 NEW JERSEY Newark
54%
352,497 CALIFORNIA Anaheim
53%
496,401 ARIZONA Mesa
53%
396,394 TEXAS Arlington
52%
169,798 OREGON Salem
52%
191,049 FLORIDA Tallahassee
52%
199,518 ALABAMA Montgomery
50%
380,874 CALIFORNIA Bakersfield
49%
270,753 NEW JERSEY Jersey City
49%
276,491 OHIO Toledo
49%
325,605 TEXAS Corpus Christi
48%
134,875 SOUTH CAROLINA Charleston
47%
321,959 KENTUCKY Lexington
47%
198,606 ARKANSAS Little Rock
47%
366,623 COLORADO Aurora
46%
200,965 ILLINOIS Aurora
46%
265,904 INDIANA Fort Wayne
46%
327,728 CLAIFORNIA Riverside
46%
208,046 NEW YORK Rochester
46%
115,733 MINNESOTA Rochester
46%
290,222 NORTH CAROLINA Greensboro
45%
187,347 TENNESSEE Knoxville
45%
180,393 RHODE ISLAND Providence
45%
217,108 WASHINGTON Spokane
44%
199,826 TEXAS Amarillo
43%
133,114 SOUTH CAROLINA Columbia
43%
121,717 MISSOURI Columbia
43%
267,743 NORTH CAROLINA Durham
43%
123,400 CONNECTICUT Hartford
43%
197,166 GEORGIA Augusta
42%
190,265 ALABAMA Mobile
42%
263,255 FLORIDA St. Petersburg
42%
126,587 KANSAS Topeka
42%
140,371 OHIO Dayton
41%
216,995 CALIFORNIA San Bernardino
41%
146,444 GEORGIA Savannah
41%
253,888 TEXAS Lubbock
40%
197,846 OHIO Akron
39%
198,829 MICHIGAN Grand Rapids
39%
302,539 NEVADA Henderson
39%
334,136 CALIFORNIA Santa Ana
39%
143,396 NEW YORK Syracuse
39%
116,986 MICHIGAN Lansing
38%
242,975 NEVADA North Las Vegas
38%
176,888 SOUTH DAKOTA Sioux Falls
38%
213,418 WASHINGTON Tacoma
38%
277,453 CALIFORNIA Irvine
37%
244,703 VIRGINIA Norfolk
37%
249,950 ARIZONA Scottsdale
37%
310,496 CALIFORNIA Stockton
37%
107,125 COLORADO Boulder
36%
180,072 FLORIDA Fort Lauderdale
36%
246,709 ARIZONA Glendale
36%
203,054 CALIFORNIA Glendale
36%
122,359 NORTH DAKOTA Fargo
34%
168,916 OREGON Eugene
33%
105,116 WISCONSIN Green Bay
33%
136,436 TEXAS Waco
33%
183,299 TEXAS Brownsville
32%
260,654 TEXAS Laredo
32%
286,143 TEXAS Plano
31%
192,036 LOUISIANA Shreveport
31%
179,139 TENNESSEE Chattanooga
30%
165,080 COLORADO Fort Collins
30%
111,196 NEW HAMPSHIRE Manchester
30%
131,014 CONNECTICUT New Haven
30%
153,520 TEXAS Pasadena
30%
142,647 CALIFORNIA Pasadena
30%
117,335 UTAH Provo
30%
109,642 MONTANA Billings
29%
253,458 ARIZONA Chandler
29%
270,471 CALIFORNIA Chula Vista
29%
194,585 ALABAMA Huntsville
29%
240,373 TEXAS Irving
28%
214,221 CALIFORNIA Modesto
28%
121,477 MICHIGAN Ann Arbor
27%
125,691 GEORGIA Athens
27%
129,783 CALIFORNIA Concord
27%
142,696 TEXAS McAllen
27%
185,038 ARIZONA Tempe
27%
119,045 NORTH CAROLINA Wilmington
27%
209,889 NORTH CAROLINA Fayetteville
26%
146,579 CONNECTICUT Bridgeport
25%
242,354 ARIZONA Gilbert
25%
202,019 NEW YORK Yonkers
25%
240,397 VIRGINIA Chesapeake
24%
234,962 CALIFORNIA Fremont
24%
126,848 LOUISIANA Lafayette
24%
210,888 CALIFORNIA Santa Clarita
24%
175,673 WASHINGTON Vancouver
24%
100,685 TEXAS Allen
23%
132,228 IOWA Cedar Rapids
23%
160,316 CALIFORNIA Lancaster
23%
152,663 GEORGIA Macon
23%
210,037 CALIFORNIA Oxnard
23%
168,181 ARIZONA Peoria
23%
112,883 ILLINOIS Peoria
23%
127,134 CALIFORNIA Santa Clara
23%
185,677 MASSACHUSETTS Worcester
23%
160,035 VIRGINIA Alexandria
22%
113,630 MASSACHUSETTS Cambridge
22%
153,627 FLORIDA Hollywood
22%
140,560 CALIFORNIA Orange
22%
175,269 CALIFORNIA Santa Rosa
22%
238,002 TEXAS Garland
21%
136,089 TEXAS Midland
21%
179,388 VIRGINIA Newport News
21%
121,885 TEXAS Abilene
20%
121,283 PENNSLYVANIA Allentown
20%
177,286 TEXAS Frisco
20%
239,673 FLORIDA Hialeah
20%
116,861 TEXAS Odessa
20%
175,841 CALIFORNIA Ontario
20%
191,278 KANSAS Overland Park
20%
147,051 ILLINOIS Rockford
20%
122,324 CALIFORNIA Berkeley
19%
176,193 CALIFORNIA Oceanside
19%
111,127 COLORADO Pueblo
19%
102,320 IOWA Davenport
18%
201,847 CALIFORNIA Huntington Beach
18%
102,245 INDIANA South Bend
18%
136,268 TEXAS Denton
17%
118,930 INDIANA Evansville
17%
132,249 FLORIDA Gainesville
17%
148,462 ILLINOIS Joliet
17%
147,682 ILLINOIS Naperville
17%
119,114 TEXAS Beaumont
16%
183,365 FLORIDA Cape Coral
16%
130,215 NEW JERSEY Elizabeth
16%
101,712 NEW MEXICO Las Cruces
16%
181,330 TEXAS McKinney
16%
136,372 TENNESSEE Murfreesboro
16%
157,519 CALIFORNIA Palmdale
16%
189,344 FLORIDA Port St. Lucie
16%
153,205 TENNESSEE Clarksville
15%
110,079 WASHINGTON Everett
15%
211,815 CALIFORNIA Fontana
15%
134,669 VIRGINIA Hampton
15%
128,458 WASHINGTON Kent
15%
207,226 CALIFORNIA Moreno Valley
15%
122,843 OKLAHOMA Norman
15%
177,452 CALIFORNIA Rancho Cucamonga
15%
107,014 CALFORNIA Santa Maria
15%
110,222 FLORIDA West Palm Beach
15%
104,834 CALIFORNIA Burbank
14%
165,904 NORTH CAROLINA Cary
14%
115,513 FLORIDA Clearwater
14%
167,836 CALIFORNIA Corona
14%
140,392 CALIFORNIA Fullerton
14%
160,500 CALIFORNIA Hayward
14%
154,958 COLORADO Lakewood
14%
102,682 NEW JERSEY Lakewood
14%
143,949 TEXAS Mesquite
14%
137,472 KANSAS Olathe
14%
148,678 NEW JERSEY Paterson
14%
157,596 CALIFORNIA Salinas
14%
134,085 ARIZONA Surprise
14%
128,995 CALIFORNIA Thousand Oaks
14%
146,758 CALIFORNIA Torrance
14%
100,287 ALABAMA Tuscaloosa
14%
144,444 WASHINGTON Bellevue
13%
193,837 TEXAS Grand Prairie
13%
110,598 CALIFORNIA Inglewood
13%
145,482 TEXAS Killeen
13%
108,054 FLORIDA Lakeland
13%
130,824 CONNECTICUT Stamford
13%
104,991 TEXAS Tyler
13%
133,010 CALIFORNIA Visalia
13%
118,807 COLORADO Arvada
12%
171,844 CALIFORNIA Elk Grove
12%
117,306 MISSOURI Independence
12%
135,022 MICHIGAN Warren
12%
104,747 TEXAS Wichita Falls
12%
108,303 OKLAHOMA Broken Arrow
11%
115,330 CALIFORNIA Carlsbad
11%
110,250 COLORADO Centennial
11%
151,969 CALIFORNIA Escondido
11%
170,172 FLORIDA Pembroke Pines
11%
126,878 CALIFORNIA Simi Valley
11%
100,888 NEVADA Sparks
11%
132,631 MICHIGAN Sterling Heights
11%
122,441 CALIFORNIA Victorville
11%
113,905 UTAH West Jordan
11%
133,037 FLORIDA Coral Springs
10%
107,074 CALIFORNIA Daly City
10%
174,226 CALIFORNIA Garden Grove
10%
105,448 COLORADO Greeley
10%
111,346 MASSACHUSETTS Lowell
10%
123,678 TEXAS Round Rock
10%
153,656 CALIFORNIA Sunnyvale
10%
136,978 COLORADO Thornton
10%
122,105 CALIFORNIA Vallejo
10%
110,790 CALIFORNIA Ventura
10%
112,812 COLORADO Westminster
10%
136,170 UTAH West Valley City
10%
113,564 TEXAS College Station
9%
111,513 NORTH CAROLINA High Point
9%
113,750 FLORIDA Miami Gardens
9%
106,084 CALIFORNIA Norwalk
9%
116,783 TEXAS Richardson
9%
135,329 CALIFORINA Roseville
9%
114,327 CALIFORNIA Temecula
9%
108,629 CONNECTICUT Waterbury
9%
113,825 CALIFORNIA Costa Mesa
8%
103,894 CALIFORNIA El Cajon
8%
112,456 ILLINOIS Elgin
8%
111,053 OREGON Gresham
8%
140,328 FLORIDA Miramar
8%
110,861 SOUTH CAROLINA North Charleston
8%
119,940 TEXAS Pearland
8%
152,939 CALIFORNIA Pomona
8%
101,379 WASHINGTON Renton
8%
104,748 CALIFORNIA San Mateo
8%
111,674 CALIFORNIA Antioch
7%
113,092 CALIFORNIA Downey
7%
116,109 CALIFORNIA El Monte
7%
106,894 OREGON Hillsboro
7%
111,657 FLORIDA Palm Bay
7%
100,119 TEXAS San Angelo
7%
109,691 CALIFORNIA Clovis
6%
105,149 FLORIDA Davie
6%
116,266 CALIFORNIA Fairfield
6%
106,028 CALIFONRIA Jurupa Valley
6%
104,903 TEXAS League City
6%
113,326 CALIFORNIA Murrieta
6%
110,473 FLORIDA Pompano Beach
6%
100,032 CALIFORNIA Vacaville
6%
101,568 CALIFORNIA Vista
6%
107,598 CALIFORNIA West Covina
6%
102,450 NEW JERSEY Edison
5%
106,739 GEORGIA Sandy Springs
5%
106,021 TEXAS Lewisville
4%
103,562 CALIFORNIA Rialto
4%
135,710 TEXAS Carrolton
3%
100,712 MICHIGAN Clinton
2%
101,965 NEW JERSEY Woodbridge
2%
No matching quizzes found
Score Distribution
Percent of People with Each Score
Percentile by Number Answered
Your Score History
You have not taken this quiz